Centre de formació i treball Flor de Maig : 2001-2002 2001-2002
Descripción Física:
1 tríptic ; 21 cm
MARC
| LEADER | 00000nam a2200000Ia 4500 | ||
|---|---|---|---|
| 001 | 24267 | ||
| 008 | 160829s9999 xx 000 0 cat d | ||
| 080 | |a FU-64-106 | ||
| 245 | |a Centre de formació i treball Flor de Maig : |b 2001-2002 | ||
| 260 | |a [Barcelona] : |b Diputació de Barcelona. Àrea d'Educació, DL 2001 | ||
| 300 | |a 1 tríptic ; |c 21 cm | ||
| 610 | 0 | |a Organisme Autònom Flor de Maig |x Guies |9 54172 | |
| 650 | |a Formació professional |x Cerdanyola del Vallès |9 49491 | ||
| 710 | |a Flor de Maig |9 54173 | ||
| 710 | |a Barcelona (Catalunya : Província). |b Àrea d'Educació |9 8009 | ||
| 901 | |a Arxiu | ||
| 942 | |n 1 | ||
| 952 | |0 0 |1 0 |4 0 |7 1 |9 55398 |a Arxiu |b Arxiu |d 2016-12-01 |h 2001-2002 |o FU-64-106 |p 24267 |r 2016-12-01 00:00:00 |w 2016-12-01 |y ARXIU | ||
| 999 | |c 59271 |d 59271 | ||